<?xml version="1.0" encoding="UTF-8"?>
<record
    xmlns:xsi="http://www.w3.org/2001/XMLSchema-instance"
    xsi:schemaLocation="http://www.loc.gov/MARC21/slim http://www.loc.gov/standards/marcxml/schema/MARC21slim.xsd"
    xmlns="http://www.loc.gov/MARC21/slim">

  <leader>01222nam a22002417a 4500</leader>
  <controlfield tag="005">20120614170415.0</controlfield>
  <controlfield tag="008">081007t        xxu||||| |||| 00| 0 mar d</controlfield>
  <datafield tag="010" ind1=" " ind2=" ">
    <subfield code="a">MAR-22376</subfield>
  </datafield>
  <datafield tag="020" ind1=" " ind2=" ">
    <subfield code="c">200.00</subfield>
  </datafield>
  <datafield tag="035" ind1=" " ind2=" ">
    <subfield code="a">MR-15034</subfield>
  </datafield>
  <datafield tag="037" ind1=" " ind2=" ">
    <subfield code="b">D.B.Act /pub</subfield>
  </datafield>
  <datafield tag="082" ind1=" " ind2=" ">
    <subfield code="a">920</subfield>
  </datafield>
  <datafield tag="100" ind1=" " ind2=" ">
    <subfield code="9">49115</subfield>
  </datafield>
  <datafield tag="245" ind1=" " ind2=" ">
    <subfield code="a">&#x930;&#x93E;&#x92E; &#x936;&#x947;&#x935;&#x93E;&#x933;&#x915;&#x930; /</subfield>
    <subfield code="c">&#x92E;&#x93E;&#x927;&#x935; &#x938;&#x930;&#x92A;&#x91F;&#x935;&#x93E;&#x930; [&#x924;&#x925;&#x93E;] &#x92D;&#x93E;&#x917;&#x94D;&#x92F;&#x936;&#x94D;&#x930;&#x940; &#x92A;&#x947;&#x920;&#x915;&#x930; &#x926;&#x94D;&#x935;&#x93E;&#x930;&#x93E; &#x938;&#x902;&#x92A;&#x93E;&#x926;&#x93F;&#x924;</subfield>
  </datafield>
  <datafield tag="246" ind1=" " ind2=" ">
    <subfield code="b">edited by Madhav Sarpatwar and Bhagyashree Pethkar</subfield>
    <subfield code="a">Ram Shewarkar</subfield>
  </datafield>
  <datafield tag="260" ind1=" " ind2=" ">
    <subfield code="a">&#x928;&#x93E;&#x917;&#x92A;&#x942;&#x930;</subfield>
    <subfield code="b">&#x938;&#x93E;&#x939;&#x93F;&#x924;&#x94D;&#x92F; &#x92A;&#x94D;&#x930;&#x938;&#x93E;&#x930; &#x915;&#x947;&#x928;&#x94D;&#x926;&#x94D;&#x930;</subfield>
    <subfield code="c">2011</subfield>
  </datafield>
  <datafield tag="270" ind1=" " ind2=" ">
    <subfield code="b">&#x928;&#x93E;&#x917;&#x92A;&#x942;&#x930;</subfield>
    <subfield code="a">&#x92A;&#x91F;&#x935;&#x930;&#x94D;&#x927;&#x928; &#x938;&#x93E;&#x933;&#x947;&#x938;&#x92E;&#x94B;&#x930;,&#x928;&#x947;&#x939;&#x930;&#x942; &#x92E;&#x93E;&#x930;&#x94D;&#x917;,&#x938;&#x940;&#x924;&#x93E;&#x92C;&#x930;&#x94D;&#x921;&#x940;</subfield>
    <subfield code="e">440012</subfield>
  </datafield>
  <datafield tag="300" ind1=" " ind2=" ">
    <subfield code="a">168&#x92A;&#x943;.</subfield>
    <subfield code="c">17 &#x938;&#x947;&#x92E;&#x940;(&#x905;&#x91C;&#x93F;&#x932;&#x94D;&#x926;)</subfield>
    <subfield code="b">&#x938;&#x91A;&#x93F;&#x924;&#x94D;&#x930;</subfield>
  </datafield>
  <datafield tag="700" ind1=" " ind2=" ">
    <subfield code="a">&#x938;&#x930;&#x92A;&#x91F;&#x935;&#x93E;&#x930;, &#x92E;&#x93E;&#x927;&#x935;</subfield>
    <subfield code="9">50759</subfield>
  </datafield>
  <datafield tag="700" ind1=" " ind2=" ">
    <subfield code="a">&#x92A;&#x947;&#x920;&#x915;&#x930;, &#x92D;&#x93E;&#x917;&#x94D;&#x92F;&#x936;&#x94D;&#x930;&#x940;</subfield>
    <subfield code="9">50760</subfield>
  </datafield>
  <datafield tag="942" ind1=" " ind2=" ">
    <subfield code="2">ddc</subfield>
    <subfield code="c">MR</subfield>
    <subfield code="m">&#x930;&#x93E;&#x92E;&#x936;&#x947;</subfield>
    <subfield code="h">920</subfield>
  </datafield>
  <datafield tag="999" ind1=" " ind2=" ">
    <subfield code="c">68869</subfield>
    <subfield code="d">68869</subfield>
  </datafield>
  <datafield tag="952" ind1=" " ind2=" ">
    <subfield code="0">0</subfield>
    <subfield code="1">0</subfield>
    <subfield code="2">ddc</subfield>
    <subfield code="4">0</subfield>
    <subfield code="7">1</subfield>
    <subfield code="8">NFIC</subfield>
    <subfield code="a">DBAD</subfield>
    <subfield code="b">DBAD</subfield>
    <subfield code="d">2012-08-06</subfield>
    <subfield code="e">DBAD / PUB</subfield>
    <subfield code="g">200.00</subfield>
    <subfield code="l">0</subfield>
    <subfield code="o">920 &#x930;&#x93E;&#x92E;&#x936;&#x947;</subfield>
    <subfield code="p">MR-15034</subfield>
    <subfield code="r">2012-08-06 00:00:00</subfield>
    <subfield code="t">1</subfield>
    <subfield code="v">200.00</subfield>
    <subfield code="w">2012-08-06</subfield>
    <subfield code="y">MR</subfield>
  </datafield>
</record>
